Karlfried Durckheim: una vida bajo el signo de la transformación
Guardat en:
| Autor principal: | |
|---|---|
| Format: | Llibre |
| Idioma: | espanyol |
| Publicat: |
Burgos
Ediciones Mensajero
1995
|
| Matèries: | |
| Etiquetes: |
Afegir etiqueta
Sense etiquetes, Sigues el primer a etiquetar aquest registre!
|
MARC
| LEADER | 00000nam a2200000 a 4500 | ||
|---|---|---|---|
| 001 | UCR6097 | ||
| 003 | CL-VaPUC | ||
| 008 | 980420e19950000SP |||||||||||||||||spa|d | ||
| 082 | 0 | 4 | |a 921.3 |b WEH |2 21 |
| 100 | 0 | |a Wehr, Gerhard |e author |9 407240 | |
| 245 | 1 | 0 | |a Karlfried Durckheim: una vida bajo el signo de la transformación |
| 300 | |a 327 p | ||
| 942 | |c BK | ||
| 945 | |d 19980420 00:00:00 |a rleighto | ||
| 260 | |a Burgos |b Ediciones Mensajero |c 1995 | ||
| 600 | 0 | 7 | |a DURCKHEIM, KARLFRIED |2 CL-VaPUC |9 407241 |
| 650 | 0 | |a Biografías |9 255210 | |
| 650 | 0 | |a Filósofos |9 269126 | |
| 650 | 0 | |a Filosofía alemana |9 265002 | |
| 583 | |a last modification |c 19980420 00:00:00 |k Rodrigo Vera | ||
| 999 | |c 268404 |d 268402 | ||
| 952 | |0 0 |1 0 |4 0 |6 921_300000000000000_WEH_1995 |7 0 |8 A |9 301546 |a BIBGIM |b BIBGIM |d 2019-11-20 |i 3410889 |o 921.3 WEH 1995 |p 3410889 |r 2025-01-15 |w 2019-11-20 |y BK |k ORI | ||